| 000 | 00385nam a2200157Ia 4500 | ||
|---|---|---|---|
| 100 | _aMillman/Jacob/ Halkias/ C.C. | ||
| 650 | _aELECTRONICS | ||
| 942 | _cBK | ||
| 654 | _aElectronic device & Circuits. | ||
| 245 | _aElectronic devices & circuits | ||
| 260 |
_bTata Mc Graw hill _aNew Delhi _c1991 |
||
| 082 | _a621.381/MIL/HAL | ||
| 300 | _a752 | ||
| 546 | _aENGLISH | ||
| 999 |
_c32758 _d32758 |
||